Rembrandt: 1606-1669, el enigma de la visión del cuadro
I tiakina i:
| Kaituhi matua: | |
|---|---|
| Hōputu: | Pukapuka |
| Reo: | Pāniora |
| I whakaputaina: |
Colonia
Taschen
2000
|
| Ngā marau: | |
| Ngā Tūtohu: |
Tāpirihia he Tūtohu
Kāore He Tūtohu, Me noho koe te mea tuatahi ki te tūtohu i tēnei pūkete!
|
MARC
| LEADER | 00000nam a2200000 a 4500 | ||
|---|---|---|---|
| 001 | UCK5233 | ||
| 003 | CL-VaPUC | ||
| 008 | 050715e20000000GW |||||||||||||||||spa|d | ||
| 020 | |a 3822861928 | ||
| 082 | 0 | 4 | |a 759.04 |b BOC |2 21 |
| 100 | 0 | |a Bockemühl, Michael |e author |9 493969 | |
| 245 | 1 | 0 | |a Rembrandt: 1606-1669, el enigma de la visión del cuadro |
| 300 | |a 96 p | ||
| 942 | |c BK | ||
| 945 | |d 20050715 00:00:00 |a jcarroza | ||
| 260 | |a Colonia |b Taschen |c 2000 | ||
| 600 | 0 | |a Rembrandt, Harmenszoon van Rijn |9 331539 | |
| 650 | 7 | |a PINTURA HOLANDESA SIGLO 17 |2 CL-VaPUC |9 493970 | |
| 650 | 7 | |a PINTORES HOLANDESES |2 CL-VaPUC |9 493971 | |
| 583 | |a last modification |c 20111003 07:37:08 |k Rodrigo Vera | ||
| 999 | |c 313865 |d 313863 | ||
| 952 | |0 0 |1 0 |4 0 |6 759_040000000000000_BOC_2000 |7 0 |8 A |9 385598 |a BIBHIS |b BIBHIS |d 2019-11-22 |i 4144864 |o 759.04 BOC 2000 |p 4144864 |r 2025-01-20 |w 2019-11-22 |y BK |k HIS | ||